Library Banner

Therapeutic exercise : (Record no. 114388)

MARC details
000 -LEADER
fixed length control field 00735cam a2200229 i 4500
001 - CONTROL NUMBER
control field 19819582
005 - DATE AND TIME OF LATEST TRANSACTION
control field 20191028095835.0
008 - FIXED-LENGTH DATA ELEMENTS--GENERAL INFORMATION
fixed length control field 170720t20182018paua b 001 0 eng
020 ## - INTERNATIONAL STANDARD BOOK NUMBER
International Standard Book Number 9789352703197 (alk. paper)
040 ## - CATALOGING SOURCE
Transcribing agency PK-LaUMT
082 00 - DEWEY DECIMAL CLASSIFICATION NUMBER
Classification number 615.82
Edition number 23
Item number KIS-T
100 1# - MAIN ENTRY--PERSONAL NAME
Personal name Kisner, Carolyn
245 10 - TITLE STATEMENT
Title Therapeutic exercise :
Remainder of title foundations and techniques /
Statement of responsibility, etc by Carolyn Kisner, Lynn Allen Colby and John Borstad
250 ## - EDITION STATEMENT
Edition statement 7th ed.
260 ## - PUBLICATION, DISTRIBUTION, ETC. (IMPRINT)
Place of publication, distribution, etc Philadelphia :
Name of publisher, distributor, etc F. A. Davis Company,
Date of publication, distribution, etc 2018
300 ## - PHYSICAL DESCRIPTION
Extent xxxiv, 1081 p. :
Other physical details illustrations (chiefly color) ;
Dimensions 29 cm
650 12 - SUBJECT ADDED ENTRY--TOPICAL TERM
Topical term or geographic name as entry element Exercise Therapy
650 22 - SUBJECT ADDED ENTRY--TOPICAL TERM
Topical term or geographic name as entry element Physical Therapy Modalities
700 1# - ADDED ENTRY--PERSONAL NAME
Personal name Colby, Lynn Allen,
700 1# - ADDED ENTRY--PERSONAL NAME
Personal name Borstad, John,
942 ## - ADDED ENTRY ELEMENTS (KOHA)
Koha item type Books
Holdings
Withdrawn status Lost status Damaged status Home library Current library Date acquired Full call number Barcode Date last seen Price effective from Koha item type Copy number
      UMT Health Sciences Campus UMT Health Sciences Campus 2019-10-28 615.82 KIS-T 132253 2026-06-16 2019-10-28 Books  
      UMT Health Sciences Campus UMT Health Sciences Campus 2019-10-28 615.82 KIS-T 132254 2022-06-02 2019-10-28 Books C. 2
      UMT Health Sciences Campus UMT Health Sciences Campus 2019-10-28 615.82 KIS-T 132255 2026-06-23 2019-10-28 Books C. 3